[Event "World Junior U20 Open 2018"]
[Site "Gebze"]
[Date "2018.09.11"]
[Round "7.81"]
[White "Rajic, Ivan"]
[Black "Fleri, Matthew"]
[Result "1-0"]
[WhiteElo "2021"]
[BlackElo "1625"]
[Annotator "NA"]
[PlyCount "55"]
[EventDate "2018.09.05"]
[EventType "swiss"]
[EventCountry "TUR"]
[SourceTitle "playchess.com"]
[Source "ChessBase"]
[SourceQuality "1"]
[TimeControl "40/5400+30:1800+30"]

1. c4 {[%emt 0:00:30]} Nf6 {[%emt 0:00:30]} 2. g3 {[%emt 0:00:30]} c5 {[%emt 0:00:30]} 3. Bg2 {[%emt 0:00:00]} g6 {[%emt 0:00:30]} 4. Nc3 {[%emt 0:00:30]} Bg7 {[%emt 0:00:00]} 5. d4 {[%emt 0:02:30] A34: Englische Eröffnung (Symmetrische Variante)} (5. Nf3 Nc6 6. d3 d6 7. a3 O-O 8. Rb1 a5 9. Bd2 Bd7 10. O-O Qc8 11. Ne1 Bh3 12. Nc2 Bxg2 13. Kxg2 Qd7 14. b4 axb4 15. axb4 d5 16. cxd5 Nxb4 17. Nxb4 cxb4 18. Rxb4 Nxd5 19. Nxd5 Qxd5+ {0-1 (74) Duda,J (2724)-Bu,X (2725) Liaocheng 2018}) 5... cxd4 {[%emt 0:00:00]} 6. Qxd4 {[%emt 0:00:30]} Nc6 {[%emt 0:00:00]} 7. Qd1 {[%emt 0:05:30]} O-O {[%emt 0:01:30]} 8. Nf3 {[%emt 0:01:30]} e6 $146 {[%emt 0:02:30]} ({Vorgänger:} 8... d6 9. O-O Na5 10. Nd2 Ng4 11. Qc2 Bf5 12. e4 Be6 13. b3 Nc6 14. Nf3 Rc8 15. Bb2 a6 16. Nd5 Nge5 17. Nxe5 Nxe5 {0-1 (37) Franke,T (2167)-Hetey,L (2322) Bad Zwesten 2006}) 9. e4 {[%emt 0:02:30]} d6 {[%emt 0:02:30]} 10. O-O {[%emt 0:03:30]} a6 {[%emt 0:02:30]} 11. h3 {[%emt 0:04:30]} Qe7 {[%emt 0:01:30]} 12. Bf4 {[%emt 0:02:30]} Rd8 {[%emt 0:03:30]} 13. Qd2 {[%emt 0:03:30]} b6 {[%emt 0:06:30]} 14. Rfd1 {[%emt 0:01:30]} e5 {[%emt 0:04:30]} 15. Bg5 {[%emt 0:02:30]} Be6 {[%emt 0:03:30]} 16. b3 {[%emt 0:02:30]} Qc7 {[%emt 0:06:30]} 17. Rac1 {[%emt 0:01:30]} Qe7 {[%emt 0:01:30]} 18. Qe3 {[%emt 0:09:30]} Rab8 {[%emt 0:08:30]} 19. Nd5 {[%emt 0:07:30]} Bxd5 {[%emt 0:02:30]} 20. cxd5 {[%emt 0:00:30]} Na7 {[%emt 0:00:30]} 21. Bf1 {[%emt 0:09:30]} Qb7 {[%emt 0:01:30]} 22. Nd2 {[%emt 0:07:30]} Rd7 {[%emt 0:11:30]} 23. h4 {[%emt 1:15:30]} Rc8 {[%emt 1:13:30]} 24. Nc4 {[%emt 0:00:30]} Rb8 $18 {[%emt 0:00:30]} 25. Qf3 {[%emt 0:00:30]} Ne8 {[%emt 0:00:30]} 26. Bh3 {[%emt 0:00:30]} Rc7 {[%emt 0:00:30]} 27. Be3 {[%emt 0:00:30]} b5 {[%emt 0:00:30]} 28. Na5 {[%emt 0:00:30]} 1-0

[Event "World Junior U20 Open 2018"]
[Site "Gebze"]
[Date "2018.09.11"]
[Round "7.82"]
[White "Maltezeanu, Stefan"]
[Black "Beukema, Christiaan"]
[Result "0-1"]
[WhiteElo "2089"]
[BlackElo "1904"]
[Annotator "NA"]
[PlyCount "126"]
[EventDate "2018.09.05"]
[EventType "swiss"]
[EventCountry "TUR"]
[SourceTitle "playchess.com"]
[Source "ChessBase"]
[SourceQuality "1"]
[TimeControl "40/5400+30:1800+30"]

1. e4 {[%emt 0:00:30]} e5 {[%emt 0:02:30]} 2. Nf3 {[%emt 0:00:30]} Nc6 {[%emt 0:00:30]} 3. Bb5 {[%emt 0:00:00]} Nge7 {[%emt 0:00:30]} 4. c3 {[%emt 0:00:00]} g6 {[%emt 0:01:30]} 5. O-O {[%emt 0:00:30]} Bg7 {[%emt 0:00:30]} 6. d4 {[%emt 0:00:30]} O-O {[%emt 0:01:30]} 7. d5 {[%emt 0:00:00] C60: Ruy Lopez: Unusual Black 3rd moves and 3...g6} a6 {[%emt 0:01:30]} (7... Nb8 8. d6 Nec6 9. Bg5 f6 10. Be3 cxd6 11. Qxd6 Re8 12. Rd1 Kh8 13. Bc4 Bf8 14. Qd5 Ne7 {½-½ (23) Kroeze,F (2419)-Ernst,S (2488) Almelo 2006}) 8. Be2 {[%emt 0:01:30]} Nb8 {[%emt 0:02:30]} 9. d6 {[%emt 0:01:30]} Nec6 {[%emt 0:03:30]} (9... cxd6 $14 10. Qxd6 Nbc6) 10. Bg5 {[%emt 0:07:30]} f6 {[%emt 0:01:30]} 11. Be3 {[%emt 0:00:30]} cxd6 $146 {[%emt 0:02:30]} ({Predecessor:} 11... b6 12. a4 Bb7 13. Nbd2 a5 14. Nc4 Na6 15. dxc7 Qxc7 16. Bxb6 {1-0 (32) Caldwell,J (2144)-Ausan,L (1192) LSS email 2011}) 12. Qxd6 {[%emt 0:00:30]} b5 {[%emt 0:01:30]} 13. a4 {[%emt 0:02:30]} bxa4 {[%emt 0:01:30]} 14. Rxa4 {[%emt 0:01:30]} Kh8 {[%emt 0:03:30]} 15. Na3 {[%emt 0:01:30]} Bb7 {[%emt 0:02:30]} 16. Nc4 {[%emt 0:02:30]} Re8 {[%emt 0:06:30]} 17. Rd1 {[%emt 0:07:30]} a5 {[%emt 0:09:30]} 18. Nb6 {[%emt 0:05:30]} Nd4 {[%emt 0:01:30]} 19. Nxd4 {[%emt 0:04:30]} ({Weaker is} 19. Nxa8 Nxe2+ 20. Kf1 Bxa8 $16) 19... exd4 {[%emt 0:02:30]} 20. Raxd4 {[%emt 0:18:30]} Bf8 {[%emt 0:01:30]} 21. Qf4 {[%emt 0:01:30]} Qxb6 {[%emt 0:01:30]} 22. Rxd7 {[%emt 0:00:30]} Qc6 {[%emt 0:03:30]} 23. Bb5 {[%emt 0:01:30]} Nxd7 {[%emt 0:02:30]} 24. Bxc6 {[%emt 0:00:30]} Bxc6 {[%emt 0:00:30]} 25. f3 {[%emt 0:03:30]} Rab8 {[%emt 0:10:00]} 26. Bd4 {[%emt 0:08:30]} Bg7 {[%emt 0:00:30]} 27. Qc7 {[%emt 1:29:21]} Rec8 {[%emt 1:07:30]} 28. Qxa5 {[%emt 0:00:30]} Rxb2 {[%emt 0:00:30]} 29. Qa6 {[%emt 0:00:30]} Rbb8 {[%emt 0:00:30]} 30. Ba7 {[%emt 0:00:30]} Ra8 {[%emt 0:03:30]} 31. Rd6 {[%emt 0:01:24]} Rc7 {[%emt 0:09:30]} 32. Rxc6 {[%emt 0:00:52]} Raxa7 {[%emt 0:00:30]} 33. Qb5 {[%emt 0:02:12]} Rxc6 {[%emt 0:04:30]} 34. Qxc6 {[%emt 0:00:07]} h5 {[%emt 0:00:00]} 35. c4 {[%emt 0:01:37]} Ne5 {[%emt 0:02:37]} 36. Qc8+ {[%emt 0:01:07]} Kh7 {[%emt 0:00:44]} 37. f4 {[%emt 0:05:33]} Ng4 {[%emt 0:10:43]} 38. g3 {[%emt 0:00:57]} Ra1+ {[%emt 0:00:41]} 39. Kg2 {[%emt 0:00:05]} Ra2+ {[%emt 0:00:00]} 40. Kf1 {[%emt 0:00:00]} Nxh2+ {[%emt 0:01:08]} 41. Ke1 {[%emt 0:01:45]} Nf3+ {[%emt 0:01:07]} 42. Kd1 {[%emt 0:00:00]} Rd2+ {[%emt 0:02:30]} 43. Kc1 {[%emt 0:00:00]} Rd4 {[%emt 0:00:30]} 44. c5 {[%emt 0:01:30]} Rxe4 {[%emt 0:02:30]} 45. c6 {[%emt 0:00:30]} Rc4+ {[%emt 0:01:30]} 46. Kd1 {[%emt 0:01:30]} Nd4 {[%emt 0:00:30]} 47. c7 {[%emt 0:00:30]} Nb5 {[%emt 0:00:30]} 48. Qd7 {[%emt 0:02:30]} Nxc7 {[%emt 0:00:30]} 49. Ke2 {[%emt 0:00:30]} f5 {[%emt 0:00:30]} 50. Kf3 {[%emt 0:01:30]} Na6 {[%emt 0:01:30]} 51. Qf7 {[%emt 0:00:30]} Rc3+ {[%emt 0:00:00]} 52. Kg2 {[%emt 0:00:30]} Nc5 {[%emt 0:00:00]} 53. g4 {[%emt 0:00:30]} hxg4 {[%emt 0:01:30]} 54. Qe7 {[%emt 0:00:30]} Ne4 {[%emt 0:02:30]} 55. Qh4+ {[%emt 0:01:30]} Kg8 {[%emt 0:00:30]} 56. Qd8+ {[%emt 0:00:00]} Bf8 {[%emt 0:00:00]} 57. Qd5+ $19 {[%emt 0:06:00]} Kh7 {[%emt 0:00:00]} 58. Qd8 {[%emt 0:00:30]} Rg3+ {[%emt 0:01:30]} 59. Kf1 {[%emt 0:00:30]} Rf3+ {[%emt 0:00:30]} 60. Kg2 {[%emt 0:00:30]} Bc5 {[%emt 0:01:30]} 61. Qc7+ {[%emt 0:02:30]} Kh6 {[%emt 0:00:30]} 62. Qc8 {[%emt 0:00:00]} Rf2+ {[%emt 0:00:30]} 63. Kg1 {[%emt 0:01:00]} Re2+ {[%emt 0:00:30]} 0-1